000 00420cam a2200169ua 4500
001 1202
008 110615n ii |||gr||||Z||||||eng
040 _cMAIN
082 _a330.954
245 1 0 _aIndian economics problems
_cby an IAS consultant
250 _a1st ed.
260 _aCalcutta:
_bSribhumi publishing,985.
300 _a72p.:
_c5cm.
653 _aEconomics
653 _aIndian economic problems
942 _cBK
999 _c1110
_d1110